Les terminus de lignes de bus et de métro de Rennes (STAR) - Statistiques

Statistiques générales
  • Ce quiz a été pris 221 fois
  • Le résultat moyen est 16 sur 41
Statistiques - réponses
Indice Réponse % Correct
11 La Poterie
94%
12 La Poterie
94%
Métro A La Poterie
94%
Métro B Cesson-Viasilva
76%
Métro B Saint-Jacques-Gaîté
76%
C7 Saint-Jacques-Gaîté
76%
C7ex Saint-Jacques-Gaîté
76%
Métro A J.F Kennedy
70%
C3 Patton
49%
C6 Aéroport
48%
C3 Henri-Fréville
48%
37 Henri-Fréville
48%
12 Villejean-Université
46%
C4 Grand-Quartier
45%
C5 Lycée Bréquigny
42%
14 Roazhon Park
40%
C5 Saint-Laurent
39%
C4 ZA Saint-Sulpice
36%
34 ZA Saint-Sulpice
36%
C2 Haut Sancé
34%
C1 Rosa Parks
33%
10 Beaulieu Chimie
32%
C6 Rigourdière
27%
C7 Bruz Centre
26%
C7ex Bruz Centre
26%
10 Porte de Cleunay
26%
11 ZI Ouest
23%
C7ex Ker Lann
21%
C2 Champ Daguet
20%
C1 Champs Blancs
19%
14 Monniais
18%
34 Monniais
18%
38 Monniais
18%
32 Alma Sud
16%
13 Cucé
15%
13 Porte de Ker Lann
15%
32 Edonia
10%
39 Maison Blanche
10%
37 Morinais
9%
39 Paul-Emile Victor
7%
38 Ménouriais
5%
Aucun quiz correspondant
Distribution des résultats
% des personnes avec chaque résultat
Percentile par nombre de réponses
Votre historique - résultats
Vous n’avez pas pris ce quiz